000 00508nam a22001817a 4500
005 20240212060653.0
008 240212b |||||||| |||| 00| 0 eng d
020 _a0195626001.
082 _222
_a306.8.
_bLIN.
100 _aFruzzetti, M. Lina.
245 _aThe Gift of a virgin :
_bWomen, marriage , and ritual in a Bengali society /
_cLina M. Fruzzetti.
250 _a1st.
260 _aIndia :
_bOxford university press,
_c1990.
300 _a178 p.,
650 _awomen
650 _asocial
942 _cL
999 _c374
_d374